| 000 | 00615nam a2200205 i 4500 | ||
|---|---|---|---|
| 001 | 38762 | ||
| 003 | ES-MaACL | ||
| 005 | 20250807081259.0 | ||
| 007 | t| | ||
| 008 | 030226s1929 xxk ||||1| eng d | ||
| 100 | 1 |
_aCalverton, V. F. _933804 |
|
| 245 | 1 | 4 |
_aThe bankruptcy of marriage / _cV. F. Calverton ; introduction by Robert Briffault. |
| 260 |
_aLondon : _bJohn Hamilton, _c1929. |
||
| 300 |
_a348 p. ; _c19 cm. |
||
| 650 | 0 | 7 |
_aMatrimonio _2embne _914855 |
| 650 | 7 |
_aÉtica sexual _2embne _912591 |
|
| 700 | 1 |
_aBriffault, Robert. _931715 |
|
| 852 |
_aES-MaACL _jA-3196 |
||
| 999 |
_c38762 _d38762 |
||